Ottawa Senators 2025-2026 Roster - Statistics

General Stats
  • This quiz has been taken 39 times
    38 since last reset
  • The average score is 21 of 30
Answer Stats
Jersey # Pos Player % Correct
24 C Dylan Cozens
100%
35 G Linus Ullmark
100%
7 LW Brady Tkachuk
96%
19 RW Drake Batherson
96%
85 D Jake Sanderson
92%
72 D Thomas Chabot
92%
2 D Artem Zub
88%
28 RW Claude Giroux
88%
3 D Nick Jensen
88%
21 C Nick Cousins
85%
12 C Shane Pinto
85%
10 D Jordan Spence
81%
22 RW Michael Amadio
81%
18 C Tim Stutzle
81%
43 D Tyler Kleven
81%
71 C Ridly Greig
77%
89 C Lars Eller
73%
1 G Leevi Merilainen
73%
57 LW David Perron
69%
20 LW Fabian Zetterlund
69%
23 LW Kurtis MacDermid
58%
33 D Nikolas Matinpalo
58%
40 G Mads Sogaard
50%
58 D Carter Yakemchuk
42%
15 RW Olle Lycksell
42%
34 RW Arthur Kaliyev
31%
37 D Donovan Sebrango
31%
42 RW Hayden Hodgson
31%
60 D Lassi Thomson
27%
14 C Jan Jenik
19%
No matching quizzes found
Score Distribution
Percent of People with Each Score
Percentile by Number Answered
Your Score History
You have not taken this quiz since the last reset